| 000 | 01471cam a2200373 i 4500 | ||
|---|---|---|---|
| 001 | 26427 | ||
| 003 | Mx-PuUPA | ||
| 005 | 20250217110528.0 | ||
| 008 | 140415s2014 mx gr 000 0 spa d | ||
| 020 | _a9786070259364 | ||
| 040 |
_aMx-PuUPA _bspa _cMx-PuUPA _dMx-PuUPA _erda |
||
| 041 | _aspa | ||
| 240 | 1 | 0 |
_aHomero. _kObras _lEspañol |
| 245 | 1 | 0 |
_aOdisea = _bΟμήρου οδύσσεια / _cHomero ; prólogo, versión rítmica e índice de nombres propios de Pedro C. Tapia Zúñiga ; estudio introductorio de Albrecht Dihle |
| 246 | 3 | _aΟμήρου οδύσσεια. | |
| 250 |
_aSegunda edición / _bseptiembre |
||
| 264 | 1 |
_aMéxico, D. F. : _bUniversidad Nacional Autónoma de México, _c2014 |
|
| 300 |
_axl, 418 páginas ; _c21 cm |
||
| 336 |
_2rdacontent _atexto _btxt |
||
| 337 |
_2rdamedia _asin medio _bn |
||
| 338 |
_2rdacarrier _avolumen _bnc |
||
| 490 | 0 | _aBibliotheca scriptorvm graecorvm et romanorvm mexicana | |
| 546 | _aTexto bilingüe: español y latín. | ||
| 600 | 0 |
_aOdiseo, _cRey de Itaca (Personaje mitológico) _vPoesía |
|
| 650 | 7 |
_913986 _2armarc _aPoesía |
|
| 655 | 7 |
_2armarc _aPoesía épica griega _xTraducciones al español |
|
| 700 | 1 |
_aTapia Zúñiga, Pedro C., _eprologuista |
|
| 700 | 1 |
_aDihle, Albrecht, _eeditor |
|
| 942 |
_2ddc _cLI _h881 _iO24 |
||
| 999 |
_c26427 _d26427 |
||